| 000 | 01064nam a2200277 i 4500 | ||
|---|---|---|---|
| 003 | vecauma | ||
| 005 | 20260410144811.0 | ||
| 007 | ta | ||
| 008 | 260410s1976 ve |||||r|||| 00| 0 spa d | ||
| 040 |
_avecauma _bspa _cvecauma _dvecauma _erda |
||
| 041 | 0 | _aspa | |
| 099 | _fFOLLETO 0397 | ||
| 100 | 0 |
_aÁlvaro del Portillo, _cBeato, _d1914-1994 _eautor _910755 |
|
| 245 | 1 | 0 |
_aMonseñor Escrivá de Balaguer, instrumento de Dios _c/ Álvaro del Portillo. |
| 264 | 1 |
_aCaracas, Venezuela : _bCuadernos de Orientación Doctrinal, _c[1976]. |
|
| 300 | _a71 páginas. | ||
| 336 |
_atexto _btxt _2rdacontenido |
||
| 337 |
_ano mediado _bn _2rdamedio |
||
| 338 |
_avolumen _bnc _2rdasoporte |
||
| 490 | 0 |
_aCuadernos de orientación doctrinal _v36 |
|
| 505 | 0 | _aEl Padre, instrumento de Dios. -- La fundación del Opus Dei. -- La proyección de su figura en la Iglesia y en el mundo. -- El Padre y la Universidad. | |
| 600 | 0 | 0 |
_9146 _aJosemaría Escrivá de Balaguer, _cSanto, _d1902-1975 |
| 610 | 2 | 0 |
_92874 _aOpus Dei |
| 942 | 1 |
_2lcc _n0 _cFOL |
|
| 999 |
_c13339 _d13339 |
||